| 000 | 00491pab a2200169 454500 | ||
|---|---|---|---|
| 008 | 180718b2002 xxu||||| |||| 00| 0 eng d | ||
| 100 | _aBardi, Luciano | ||
| 245 | _aEnlarging the European Union: challenges to and from Central and Eastern Europe - introduction | ||
| 260 | _c2002 | ||
| 300 | _ap.227-33. | ||
| 362 | _aJul | ||
| 650 | _aEuropean Union | ||
| 700 | _aNello, Susan Senior | ||
| 700 | _aRhodes, Martin | ||
| 773 | _aInternational Political Science Review | ||
| 909 | _a54557 | ||
| 999 |
_c54557 _d54557 |
||